Statystyki dla Dzisiejsze państwa zdobyte przez Aleksandra Wielkiego

Kliknij tutaj aby rozwiązać quiz!

Ogólne statystyki

  • Ten quiz został rozwiązany 16 330 razy
  • Średni wynik to 13 z 17

Statystyki odpowiedzi

%Kraj% Poprawnych
70Grecja
95%
70Turcja
94%
75Macedonia Północna
90%
70Irak
87%
90Iran
87%
40Egipt
84%
70Izrael
83%
90Bułgaria
80%
80Syria
80%
25Albania
78%
80Pakistan
71%
90Afganistan
68%
100Liban
68%
100Cypr
66%
30Turkmenistan
56%
80Kuwejt
53%
80Tadżykistan
49%

Rozkład punktacji

Percentyl według liczby udzielonych odpowiedzi

Procent ludzi z każdym wynikiem

Twoja historia wyników

Nie rozwiązałeś tego quizu